Biggest City - Sudden Death - Statistics

General Stats
  • This quiz has been taken 101 times
  • The average score is 4 of 13
Answers on the Grid
Answers color-coded by a green-red scale on the quiz's grid according to % correct below.
Canberra
Belmopan
Rio De Janeiro
Toronto
Rome
London
Manchester
Mumbai
Barcelona
Moscow
New York
Seoul
Manilla
Jakarta
Jersusalem (Israel part)
Ankarra
Washington D.C
Casablanca
Wellington
Cape Town
Lagos
Kyiv
Islamabad
Zürich
Mexico city
 
Answer Stats
Answer % Correct
New York
51%
Moscow
49%
London
46%
Seoul
43%
Lagos
38%
Mexico city
35%
Mumbai
32%
Jakarta
27%
Toronto
27%
Rome
19%
Kyiv
14%
Casablanca
5%
Zürich
5%
No matching quizzes found
Score Distribution
Percent of People with Each Score
Percentile by Number Answered
Your Score History
You have not taken this quiz